Descripción histórica y cronológica de las dos piedras, que con ocasión del nuevo empedrado que se está formando en la plaza principal de México se hallaron en ella el año de 1790 (Record no. 3507)

MARC details
000 -CABECERA
campo de control de longitud fija 01077nam a2200277 a 4500
001 - NÚMERO DE CONTROL
campo de control BRCA_3778
005 - FECHA Y HORA DE LA ÚLTIMA TRANSACCIÓN
campo de control 20190320204424.0
008 - DATOS DE LONGITUD FIJA--INFORMACIÓN GENERAL
campo de control de longitud fija 071109s1832----mx-a---###---#000-0#spa-#
041 ## - CÓDIGO DE LENGUA
Código de lengua del texto/banda sonora o título independiente spa
044 ## - CÓDIGO DEL PAÍS DE LA ENTIDAD EDITORA/PRODUCTORA
Código MARC del país mx
050 #4 - SIGNATURA TOPOGRÁFICA DE LA BIBLIOTECA DEL CONGRESO
Número de clasificación F1219.3
Número de documento/Ítem .L57
-- 1832
100 1# - ENTRADA PRINCIPAL--NOMBRE DE PERSONA
Nombre de persona León y Gama, Antonio
Fechas asociadas al nombre 1735-1802.
9 (RLIN) 9848
245 10 - MENCIÓN DE TÍTULO
Título Descripción histórica y cronológica de las dos piedras, que con ocasión del nuevo empedrado que se está formando en la plaza principal de México se hallaron en ella el año de 1790
Mención de responsabilidad, etc. por Don Antonio de León y Gama ; con notas... de Carlos María de Bustamante.
250 ## - MENCIÓN DE EDICIÓN
Mención de edición 2
260 ## - PUBLICACIÓN, DISTRIBUCIÓN, ETC.
Lugar de publicación, distribución, etc. México
Nombre del editor, distribuidor, etc. Alejandro Valdés
Fecha de publicación, distribución, etc. 1832
300 ## - DESCRIPCIÓN FÍSICA
Extensión viii, 148 p.
Otras características físicas il. , 5 láminas plegables
Dimensiones 20 cm.
500 ## - NOTA GENERAL
Nota general B137
650 14 - PUNTO DE ACCESO ADICIONAL DE MATERIA--TÉRMINO DE MATERIA
Término de materia o nombre geográfico como elemento de entrada Calendario Mexicano.
9 (RLIN) 8542
650 14 - PUNTO DE ACCESO ADICIONAL DE MATERIA--TÉRMINO DE MATERIA
Término de materia o nombre geográfico como elemento de entrada Aztecas.
9 (RLIN) 2396
650 14 - PUNTO DE ACCESO ADICIONAL DE MATERIA--TÉRMINO DE MATERIA
Término de materia o nombre geográfico como elemento de entrada Indios de México
Subdivisión general Antigüedades.
9 (RLIN) 9849
650 14 - PUNTO DE ACCESO ADICIONAL DE MATERIA--TÉRMINO DE MATERIA
Término de materia o nombre geográfico como elemento de entrada Indios de México
Término indicativo de función/relación Religión y Mitología.
9 (RLIN) 9850
650 14 - PUNTO DE ACCESO ADICIONAL DE MATERIA--TÉRMINO DE MATERIA
Término de materia o nombre geográfico como elemento de entrada México
Término indicativo de función/relación Historia
Subdivisión cronológica Hasta 1519.
9 (RLIN) 9851
700 1# - PUNTO DE ACCESO ADICIONAL--NOMBRE DE PERSONA
Nombre de persona Bustamante, Carlos María de
Fechas asociadas al nombre 1774-1848.
9 (RLIN) 555
902 ## - CATALOGADOR
Iniciales GFM
942 ## - ELEMENTOS DE PUNTO DE ACCESO ADICIONAL (KOHA)
Fuente del sistema de clasificación o colocación Library of Congress Classification
Tipo de ítem Koha Libros
Holdings
Estado de retiro Estado de pérdida Estado dañado No para préstamo Localización permanente Ubicación/localización actual Fecha de adquisición Número de inventario Total de préstamos Signatura topográfica completa Código de barras Fecha visto por última vez Precio válido a partir de Tipo de ítem Koha
El ejemplar forma parte de la colección y puede ser consultado según las políticas vigentes.       Biblioteca del Museo Franz Mayer (Rogerio Casas-Alatriste) Biblioteca del Museo Franz Mayer (Rogerio Casas-Alatriste) 07/11/2009 B137   F1219.3 .L57 1832 (B137) 3775 22/03/2019 22/03/2019 Libros